| 000 | 00437nam a2200181Ia 4500 | ||
|---|---|---|---|
| 001 | 19122 | ||
| 005 | 20260306171721.0 | ||
| 008 | 260306s9999||||xx |||||||||||||| ||und|| | ||
| 041 | _aESP | ||
| 082 |
_a658.8 _bL54 |
||
| 100 |
_aLevitt, Theodore _eAUT |
||
| 245 | 0 |
_aLa moda del marketing: _bcaminos para un crecimiento empresarial |
|
| 260 | _c1975 | ||
| 300 |
_a _c |
||
| 650 | _aGEN | ||
| 654 | _aCAN | ||
| 942 |
_cLIB _dJUS _fJUS _2ddc _n |
||
| 999 |
_c19122 _d19122 |
||